Reports show increase in house prices (Record no. 72101)

MARC details
000 -LEADER
fixed length control field 01041cam a2200241 4500
001 - CONTROL NUMBER
control field Wb3906-12
008 - FIXED-LENGTH DATA ELEMENTS--GENERAL INFORMATION
fixed length control field 030212n2003 000 0 eng u
035 ## - SYSTEM CONTROL NUMBER
System control number (Sirsi) u121333
245 ## - TITLE STATEMENT
Title Reports show increase in house prices
260 ## - PUBLICATION, DISTRIBUTION, ETC.
Date of publication, distribution, etc. 2003
490 ## - SERIES STATEMENT
Series statement HM Land Registry Press Release
Volume/sequential designation (LRP05/03) 10 February 2003;
490 ## - SERIES STATEMENT
Series statement Estate Agency News
Volume/sequential designation (186) February 2003, 3(3)
520 ## - SUMMARY, ETC.
Summary, etc. The average house price in England and Wales during the fourth quarter 2002 rose 22.24% from £118 827 in 2001 to £145 251, according to a survey by the HM Land Registry. The latest report from the National Association of Estate Agents (NAEA) also claims that the housing market will remain strong for the first half of 2003. http://www.landregistry.gov.uk/pressoffice/default.asp?fl=1&pubid=LRP05/03.
590 ## - LOCAL NOTE (RLIN)
Local note WB
650 ## - SUBJECT ADDED ENTRY--TOPICAL TERM
Topical term or geographic name entry element HM LAND REGISTRY
650 ## - SUBJECT ADDED ENTRY--TOPICAL TERM
Topical term or geographic name entry element NATIONAL ASSOCIATION OF ESTATE AGENTS
650 ## - SUBJECT ADDED ENTRY--TOPICAL TERM
Topical term or geographic name entry element HOUSE PRICES
650 ## - SUBJECT ADDED ENTRY--TOPICAL TERM
Topical term or geographic name entry element ENGLAND
650 ## - SUBJECT ADDED ENTRY--TOPICAL TERM
Topical term or geographic name entry element WALES
650 ## - SUBJECT ADDED ENTRY--TOPICAL TERM
Topical term or geographic name entry element GROWTH
690 ## - LOCAL SUBJECT ADDED ENTRY--TOPICAL TERM (OCLC, RLIN)
Topical term or geographic name as entry element HOUSING
942 ## - ADDED ENTRY ELEMENTS (KOHA)
Suppress in OPAC 0
Holdings
Withdrawn status Lost status Source of classification or shelving scheme Damaged status Not for loan Home library Current library Shelving location Date acquired Total Checkouts Full call number Barcode Date last seen Copy number Price effective from Koha item type
    Dewey Decimal Classification     London London News article 12/02/2003   WB3906-12 121333-1001 06/08/2019 1 06/08/2019 News article